A vagyonvédelmi tevékenység kialakulása a rendszerváltást követően Magyarországon
Elmentve itt :
| Szerző: | |
|---|---|
| További közreműködők: | |
| Dokumentumtípus: | Szakdolgozat |
| Megjelent: |
2003
|
| Tárgyszavak: | |
| Online Access: | http://diploma.bibl.u-szeged.hu/40368 |
| LEADER | 00594nta a2200157 i 4500 | ||
|---|---|---|---|
| 001 | dipl40368 | ||
| 005 | 20130415114907.0 | ||
| 008 | 130415s2003 hu om 0|| zxx d | ||
| 040 | |a SZTE Diploma Repozitórium |b hun | ||
| 041 | |a zxx | ||
| 100 | 1 | |a Kertész Attila | |
| 245 | 1 | 2 | |a A vagyonvédelmi tevékenység kialakulása a rendszerváltást követően Magyarországon |h [elektronikus dokumentum] / |c Attila Kertész |
| 260 | |c 2003 | ||
| 650 | 4 | |a Bölcsészettudományok | |
| 700 | 1 | |a Megyesi Gusztáv |e ths | |
| 856 | 4 | 0 | |u http://diploma.bibl.u-szeged.hu/id/eprint/40368/1/2003_kertesz_attila.pdf |z Dokumentum-elérés |